Every FNAF Character from FNAF 1 - SOTM - Statistics

General Stats
  • This quiz has been taken 88 times
    10 since last reset
  • The average score is 89 of 277
Answer Stats
Game Answer % Correct
FNAF 1 Bonnie
100%
FNAF 1 Chica
100%
FNAF 1 Cupcake
100%
FNAF 1 Endo 01
100%
FNAF 1 Foxy
100%
FNAF 1 Freddy
100%
FNAF 1 Golden Freddy
100%
Into the Pit Mike
100%
FNAF SL Ballora
75%
FNAF 2 BB
75%
FNAF SL BonBon
75%
FFPS Charlotte Emily
75%
FNAF 4 Crying Child
75%
FNAF SL Elizabeth Afton
75%
FNAF 2 Endo-02
75%
FNAF 4 Freddles
75%
FFPS Helpy
75%
FFPS Henry Emily/Cassette Man
75%
FFPS | Help Wanted Jeremy
75%
FNAF SL Lolbit
75%
FNAF 4 Nightmare
75%
FNAF 2 Paperpals
75%
FFPS Scraptrap/Afton
75%
FNAF 3 Springtrap
75%
FNAF 2 William Afton
75%
FNAF SL Yenndo
75%
FNAF SL Bidybab
50%
FNAF SL Bonnet
50%
FFPS Bucket Bob
50%
Security Breach Burntrap
50%
FFPS Candy Cadet
50%
FFPS Cassidy
50%
FNAF SL Circus Baby
50%
FFPS El Chip
50%
FNAF SL Electrobab
50%
FNAF SL Ennard
50%
FNAF 3 | FNAF 4 Fredbear
50%
FFPS Fruit Punch Clown
50%
FFPS Funtime Chica
50%
FNAF SL Funtime Foxy
50%
FNAF SL Funtime Freddy
50%
FFPS Gumball Swivelhands
50%
FFPS Happy Frog
50%
FNAF 4 DLC Jacko Bonnie
50%
FNAF 4 DLC Jacko Chica
50%
FNAF 4 DLC Jacko Lantern
50%
FNAF 2 JJ
50%
FFPS Lefty
50%
FFPS Lemonade Clown
50%
FNAF 2 Mangle
50%
FNAF SL Michael Afton
50%
FNAF 1 Mike Schmidt
50%
FNAF SL Minireena
50%
FFPS Molten Freddy
50%
FFPS Mr Can Do
50%
FFPS Mr Hippo
50%
FFPS Mr Hugs
50%
FFPS Music Man
50%
FFPS Neddbear
50%
FNAF 4 DLC Nightmare BB
50%
FNAF 4 Nightmare Bonnie
50%
FNAF 4 Nightmare Chica
50%
FNAF 4 NIghtmare Cupcake
50%
FNAF 4 NIghtmare Foxy
50%
FNAF 4 Nightmare Fredbear
50%
FNAF 4 Nightmare Freddy
50%
FNAF 4 DLC Nightmare Mangle
50%
FNAF 4 DLC Nightmarionne
50%
FFPS No1 Crate
50%
FFPS Orville Elephant
50%
FFPS Pan Stan
50%
FNAF 3 Phantom BB
50%
FNAF 3 Phantom Chica
50%
FNAF 3 Phantom Cupcake
50%
FNAF 3 Phantom Foxy
50%
FNAF 3 Phantom Freddy
50%
FNAF 3 Phantom Mangle
50%
FNAF 3 Phantom Puppet
50%
FNAF 1 Phone Guy
50%
FFPS Pigpatch
50%
FNAF 4 Plushtrap
50%
FNAF 2 Puppet
50%
FFPS Rockstar Bonnie
50%
FFPS Rockstar Chica
50%
FFPS Rockstar Foxy
50%
FFPS Rockstar Freddy
50%
Security Breach Roxanne Wolf
50%
FNAF 2 RWQFSFASXC
50%
FFPS Scrap Baby
50%
FFPS Security Puppet
50%
FNAF 2 Shadow Freddy
50%
FNAF 3 | FNAF 4 Springbonnie
50%
FNAF 2 Toy Bonnie
50%
FNAF 2 Toy Chica
50%
FNAF 2 Toy Freddy
50%
Curse of Dreadbear Vanny
50%
FNAF 2 Withered Bonnie
50%
FNAF 2 Withered Chica
50%
FNAF 2 Withered Foxy
50%
FNAF 2 Withered Freddy
50%
FNAF 2 Withered Golden Freddy
50%
FNAF AR | FNAF SL 8-Bit Baby
25%
SOTM Arnold
25%
FNAF AR Big Bad Foxy
25%
SOTM BigTop
25%
FNAF AR Blackice Frostbear
25%
Security Breach Blob
25%
FNAF AR Boulder Toy Bonnie
25%
FNAF AR Broiler Baby
25%
Help Wanted 2 Captain Foxy
25%
Help Wanted 2 Carnie
25%
Ruin Cassie
25%
FNAF AR Chocolate Bonnie
25%
FNAF AR Clockwork Ballora
25%
FNAF AR Clown Springtrap
25%
Security Breach Comedy Bot
25%
FNAF AR Curse
25%
SOTM David Murray
25%
UCN DeeDee
25%
SOTM Dispatch
25%
Security Breach DJ Music Man
25%
Curse of Dreadbear Dreadbear
25%
Curse of Dreadbear Dread Unit
25%
FNAF AR Easter Bonnie
25%
Ruin Eclipse
25%
SOTM Edwin Murray
25%
FFPS Egg Baby
25%
SOTM Fiona Murray
25%
FNAF AR Firework Freddy
25%
FNAF AR Flamethrower Bare Endo
25%
FNAF AR Flaming Springtrap
25%
FNAF 4 Foxybro
25%
FNAF AR Freddy Frostbear
25%
FFPS Fritz
25%
FNAF 2 Fritz Smith
25%
FFPS Gabriel
25%
Ruin Glamrock Bonnie
25%
Security Breach Glamrock Chica
25%
Security Breach Glamrock Endo
25%
Security Breach Glamrock Freddy
25%
Security Breach Glamrock Mr Hippo
25%
Help Wanted Glitchtrap
25%
FNAF AR Great Escape Golden Freddy
25%
Security Breach Gregory
25%
Curse of Dreadbear Grimm Foxy
25%
FNAF SL Hand Unit
25%
FNAF AR Heartsick Baby
25%
Ruin Helpi
25%
FNAF AR Highscore Toy Chica
25%
SOTM Jackie
25%
Help Wanted 2 Jacko Moon
25%
Into the Pit Jeff
25%
FNAF 2 Jeremy Fitzgerald
25%
FNAF AR Liberty Chica
25%
FNAF AR Little Red Chica
25%
SOTM M1/F10N4
25%
SOTM M2
25%
FNAF AR Magician Mangle
25%
Security Breach Map Bot
25%
Ruin Mask Bot
25%
FNAF AR Melted Chocolate Bonnie
25%
Ruin Mimic
25%
Security Breach Mini Music Man
25%
Security Breach Montgomery Gator
25%
Security Breach Moon
25%
SOTM Mycelium Men
25%
Help Wanted 2 Mystic Hippo
25%
UCN Old Man Consequences
25%
Into the Pit Oswald
25%
Into the Pit Oswalds Dad
25%
Into the Pit Oswalds Mom
25%
SOTM Partytime Chica
25%
FNAF 3 Phone Dude
25%
Curse of Dreadbear Plushkins
25%
FFPS Prize King
25%
SOTM Prototype Bonnie
25%
SOTM Prototype Chica
25%
SOTM Prototype Foxy
25%
SOTM Prototype Freddy
25%
FNAF AR Radioactive Foxy
25%
FNAF AR Ringmaster Foxy
25%
Ruin Ruined Chica
25%
Help Wanted 2 Ruined DJ Music Man
25%
Ruin Ruined Mini Music Man
25%
Ruin Ruined Monty
25%
Ruin Ruined Moon
25%
Ruin Ruined Roxy
25%
Ruin Ruined Sun
25%
FNAF AR Scorching Chica
25%
Security Breach Security Bot
25%
FNAF AR Serpent Mangle
25%
FNAF 3 Shadow BB
25%
Help Wanted Shadow Mangle
25%
FNAF 3 Shadow Puppet
25%
FNAF AR Shamrock Freddy
25%
Security Breach Shattered Glamrock Chica
25%
Security Breach Shattered Glamrock Freddy
25%
Security Breach Shattered Montgomery Gator
25%
Security Breach Shattered Roxanne Wolf
25%
Into the Pit Stitchwraith
25%
Security Breach Sun
25%
FFPS Susie
25%
FNAF AR System Error Toy Bonnie
25%
Help Wanted Tape Girl
25%
Ruin The Entity/MXES
25%
FNAF AR Toxic Springtrap
25%
Security Breach Vanessa
25%
FNAF AR VR Toy Freddy
25%
Security Breach Wet Floor Bot
25%
SOTM White Tiger
25%
FNAF AR Woodland Toy Freddy
25%
UCN XOR
25%
FNAF AR Aeronaut Toy Freddy
0%
FNAF AR Arctic Ballora
0%
SOTM Bawson
0%
Help Wanted Beacon Bonnie
0%
Help Wanted Beacon Chica
0%
FNAF AR Black Heart Bonnie
0%
Help Wanted Burnt Foxy
0%
SOTM Captain Springlock
0%
Help Wanted 2 Carnival Nurse
0%
FNAF AR Catrina Toy Chica
0%
Security Breach Chef Bot
0%
Into the Pit Chip
0%
SOTM Clean-O-Vac
0%
Help Wanted Dark Freddy
0%
FNAF AR Dark Water Bare Endo
0%
SOTM Digityper
0%
Into the Pit Dylan
0%
SOTM Elephant Mascot
0%
SOTM First Mate Foxy
0%
FNAF AR Frostbite Balloon Boy
0%
FNAF AR Frost Plushtrap
0%
Into the Pit Gabrielle
0%
FNAF AR Game-over Toy Chica
0%
FNAF 3 Golden Cupacke
0%
FNAF AR Jetpack Balloon Boy
0%
Into the Pit Jinx
0%
SOTM Kit
0%
SOTM Lion Mascot
0%
FNAF AR Livewire Toy Freddy
0%
SOTM Mannequins
0%
Security Breach Mop Bot
0%
SOTM Mr Helpful
0%
SOTM Mrs Helpful
0%
Help Wanted Nightmare Endo
0%
Security Breach Nightmare Staff Bot
0%
SOTM Nurse Dollie
0%
Security Breach Party Pass Bot
0%
SOTM Partytime Cupcake
0%
SOTM Penguin Mascot
0%
FNAF AR Piranha Plushtrap
0%
Into the Pit Pit Springbonnie
0%
Help Wanted Plushbabies
0%
SOTM Protomimics
0%
SOTM Prototype Cupcake
0%
SOTM Prototype Fredbear
0%
SOTM Prototype Springbonnie
0%
SOTM Puppet Roxy
0%
SOTM Renard
0%
SOTM Ringmaster Rat
0%
SOTM Rocktapus
0%
Ruin Ruined Prototype Freddy
0%
FNAF 3 Shadow Chica
0%
SOTM Sharpay
0%
SOTM Sleepy Moon
0%
FNAF 3 Spring Chica
0%
SOTM Springlock Bub
0%
SOTM Springlock Monty
0%
FNAF AR Sunken Toy Bonnie
0%
FNAF AR Swamp Balloon Boy
0%
SOTM Swingbee
0%
No matching quizzes found
Score Distribution
Percent of People with Each Score
Percentile by Number Answered
Your Score History
You have not taken this quiz since the last reset